Marketing Conceptos y aplicaciones

Detalles Bibliográficos
Formato: eBook
Lenguaje:español
Publicado: Bogot:̀ Ediciones de la U, 2015
Materias:
Acceso en línea:Acceso restringido

MARC

LEADER 00000nam a22000007a 4500
005 20210515154853.0
007 cr|||| ||||
008 210515s2015 co |||||s|||| 00||0 spa d
020 |a 978-958-741-494-3 
035 |a 33363 
040 |a vLex 
090 |c 11690  |d 11690 
245 0 0 |a Marketing  |h [Recurso electrn̤ico] :  |b Conceptos y aplicaciones 
256 |a Servicio en ln̕ea 
260 |a Bogot:̀  |b Ediciones de la U,  |c 2015 
300 |a 1 recurso electrn̤ico 
500 |a De manera dinm̀ica y sencilla, mezclando teora̕ y prc̀tica, se presenta cul̀ es el rol del marketing en las organizaciones contemporǹeas, su papel en el mercado, y la vinculacin̤ con los deseos y necesidades con los compradores, consumidores y clientes para desarrollar productos y servicios que los satisfagan y contribuyan con la rentabilidad de la empresa. Pues ilustra alternativas y posibles soluciones a las situaciones a las que da̕ a da̕ se enfrentan quienes se estǹ preparando para desempeąrse en el mundo empresarial o ya estǹ involucrados en este como empresarios emprendedores. 
506 1 |a Disponible solo en los productos indicados  |d vLex Global  |d vLex Global (Academic Edition, excluding Law Schools)  |d vLex Global (U.S. Academic Edition, Law Schools)  |d vLex Global (U.S. Academic Edition, excluding Law Schools)  |d vLex Global (Academic Edition, Law Schools) 
650 0 4 |a Marketing  |z Colombia 
740 0 |a vLex Libros (Servicio en ln̕ea) 
856 4 0 |u https://vlex.com/source/marketing-conceptos-y-aplicaciones-33363  |z Acceso restringido 
942 |c BOOK 
999 0 |a Marketing